000 00333nam a22001457a 4500
008 221111b ||||| |||| 00| 0 eng d
020 _a020150393
041 _aeng
080 _2VOLUME 1
_a159.9
082 _a159.9 ELL
100 _a25
101 _aPSI
245 _aTRENDS IN THEORETICAL PHYSICS
_cELLIS J.P
942 _2udc
_cBK
999 _c58864
_d58864